Astronomy / (Record no. 181349)
[ view plain ]
| 000 -LEADER | |
|---|---|
| fixed length control field | 01066 a2200205 4500 |
| 003 - CONTROL NUMBER IDENTIFIER | |
| control field | Nust |
| 005 - DATE AND TIME OF LATEST TRANSACTION | |
| control field | 20221125120942.0 |
| 010 ## - LIBRARY OF CONGRESS CONTROL NUMBER | |
| LC control number | 78015832 |
| 020 ## - INTERNATIONAL STANDARD BOOK NUMBER | |
| International Standard Book Number | 0064601587 : |
| 040 ## - CATALOGING SOURCE | |
| Transcribing agency | Nust |
| 082 00 - DEWEY DECIMAL CLASSIFICATION NUMBER | |
| Classification number | 520,CUL |
| 100 1# - MAIN ENTRY--PERSONAL NAME | |
| Personal name | Culver, Roger B. |
| 9 (RLIN) | 103604 |
| 245 10 - TITLE STATEMENT | |
| Title | Astronomy / |
| Statement of responsibility, etc. | Roger B. Culver. |
| 260 ## - PUBLICATION, DISTRIBUTION, ETC. | |
| Place of publication, distribution, etc. | New York : |
| Name of publisher, distributor, etc. | Barnes & Noble Books, |
| Date of publication, distribution, etc. | 1979. |
| 300 ## - PHYSICAL DESCRIPTION | |
| Extent | viii, 295 p. : |
| Other physical details | ill. ; |
| Dimensions | 21 cm. |
| 490 0# - SERIES STATEMENT | |
| Series statement | The Barnes & Noble outline series ; COS 158 |
| 505 ## - FORMATTED CONTENTS NOTE | |
| Formatted contents note | The History of Astronomical Thought (Page-1), Astronomical Instrumentations (Page-16), Some Principles of Observation Astronomy (Page-33), Motion and Gravity (Page-53), The System of Planets (Page-68), The Earth and the Moon (Page-89), The Interplanetary Medium(Page-110), The Sun (Page-124), Properties of Stars (Page-136), Peculiar Stars (Page-154),The Interstellar Medium (Page-166), Stellar Evolutions (Page-177), Star Clusters (Page-186), The Milky way Galaxies (Page-205), Cosmology (Page-223). |
| 650 #0 - SUBJECT ADDED ENTRY--TOPICAL TERM | |
| Topical term or geographic name entry element | Astronomy |
| General subdivision | Outlines, syllabi, etc. |
| 9 (RLIN) | 103605 |
| 942 ## - ADDED ENTRY ELEMENTS (KOHA) | |
| Source of classification or shelving scheme | |
| Koha item type | Book |
| Call number prefix | 520,CUL |
| Withdrawn status | Lost status | Source of classification or shelving scheme | Damaged status | Not for loan | Permanent Location | Current Location | Shelving location | Date acquired | Full call number | Barcode | Date last seen | Price effective from | Koha item type | Public note |
|---|---|---|---|---|---|---|---|---|---|---|---|---|---|---|
| Military College of Signals (MCS) | Military College of Signals (MCS) | General Stacks | 12/12/2016 | 520,CUL | MCS6159 | 12/08/2016 | 12/12/2016 | Book | Almirah No. 15 Shelf No. 1 |
